000
00211nam a22000857a 4500
008
160708b xxu||||| |||| 00| 0 eng d
100
_9
2477
_a
Egmont
245
_a
Red Rackham's Treasure
260
_a
USA
_b
Macmillan
_c
2009
999
_c
2144
_d
2144